Almanach slovenských liečebných kúpeľov a žriediel

Bibliographic Details
Other Authors: Zálešáková, Janka, 1950- (Compiler)
Format: Book
Language:Slovak
PhysicalDescription:55 s. fotogr., inform., mp. výr. 21x15 cm 1 mapa
Published: Bratislava Gerlach Slovakia 1999
ISBN:8096816314
Subjects:

MARC

LEADER 00000nam a2200000 a 4500
001 vtls001390500
003 SK-MaSNL
005 20260426001702.0
008 160415s2000 xo ab r yy 0 slo
015 |a SNBE2000/02-00724 
020 |a 8096816314 
035 |a SNK000344770 
040 |a SNK  |b slo  |c SNK  |e AACR2 
041 0 |a slo 
044 |a xo  |c SK 
080 |a 615.838:725.75+553.7(437.6)(083.9)  |2 1981 
080 |a 725.75  |2 1981 
080 |a 553.7  |2 1981 
080 |a 998.437.6  |2 1981 
245 1 |a Almanach slovenských liečebných kúpeľov a žriediel  |c [zostavovateľka Jana Zálesáková] 
260 |a Bratislava  |b Gerlach Slovakia  |c 1999 
300 |a 55 s.  |b fotogr., inform., mp. výr.  |c 21x15 cm  |e 1 mapa 
650 0 7 |a kúpele  |z Slovensko  |x spravodaje informačné  |2 SNK  |9 295428 
650 0 7 |a žriedla  |z Slovensko  |x spravodaje informačné  |2 SNK  |9 295429 
651 7 |a Slovensko  |2 SNK  |9 14231 
655 7 |a informačné publikácie  |2 SNK  |9 70181 
700 1 |a Zálešáková, Janka,  |d 1950-  |4 com  |9 192822 
919 |a 80-968163-1-4 
958 |a TL 
999 |c 895949  |d 897879 
952 |t P60, <03>, [BOOK], {603}  |a SNK  |b SNK  |y PREZ  |7 0  |p 17A0242058  |o snkOSC 20730  |i snkKSP 5835/2000  |0 0  |1 0  |4 0  |d 2000-06-08  |l 0  |r 2005-01-02 00:00:00  |w 2026-02-24 
952 |t P60, <04>, [BOOK], {604}  |a SNK  |b SNK  |y VYP  |7 0  |p 17A0242059  |o snkOSC 20730 D1  |i snkKSP 5836/2000  |0 0  |1 0  |4 0  |d 2000-06-08  |l 0  |r 2005-01-02 00:00:00  |w 2026-02-24 
952 |a SNK  |b SNK  |y VYP  |7 0  |p 17A1153189  |o snkOSC 20730/príl. D1  |i snk2000/5836  |z Príloha: mapa 1 ks.  |0 0  |1 0  |4 0  |d 2018-01-30  |l 0  |r 2026-02-24 06:57:59  |w 2026-02-24